Estrategias en materia de fertilizantes /
Guardado en:
| Autor Corporativo: | |
|---|---|
| Formato: | Libro |
| Idioma: | Spanish |
| Publicado: |
Roma :
FAO : IFA,
2000.
|
| Acceso en línea: | Texto completo |
| Etiquetas: |
Agregar Etiqueta
Sin Etiquetas, Sea el primero en etiquetar este registro!
|
| LEADER | 00642nam a22001695a 4500 | ||
|---|---|---|---|
| 001 | EEA.libagro006802 | ||
| 005 | 20180611125600.0 | ||
| 008 | 130809s2000####it#a##########000#0#spa#d | ||
| 020 | |a 9253043512 | ||
| 082 | 0 | 4 | |a 631.8 |
| 082 | 0 | 4 | |a 338.162 |
| 245 | 1 | 0 | |a Estrategias en materia de fertilizantes / |c FAO; International Fertilizer Industry Association. |
| 260 | |a Roma : |b FAO : |b IFA, |c 2000. | ||
| 300 | |a 106 p. : |b il. ; |c 21 cm. | ||
| 710 | 2 | |a Organización de las Naciones Unidas para la Agricultura y la Alimentación. | |
| 856 | |u ftp://ftp.fao.org/agl/agll/docs/fertstrs.pdf |3 Texto completo | ||
| 859 | |a AR-BbBCA |b BIB. AGRONOMIA |h 631.8 |i F218-4 |p 2001/4168 | ||
